000 00692nam a2200217Ia 4500
005 20220722113609.0
008 210716s2010 xx 000 0 und d
020 _a9788126521548
040 _cAIMIT LIBRARY
041 _aeng
082 _a519.5
_25
_bBLAK
100 _aBlack, Ken.
_952639
245 _aBusiness statistics:
_bfor contemporary decision making /
_cBy Ken Black.
250 _a5th ed.
260 _aNew Delhi :
_bWiley India ,
_c2010.
300 _axxxii,839p. ;
_c24 cm.
650 _aDescriptive statistics
_952640
650 _aDistributions and sampling
_952641
650 _aMaking inferences about population parameters
_952642
942 _2ddc
_cBK
_e5th
_k519.5 BLAK
999 _c184269
_d184269